[Event "OP-2014-0-03556"]
[Site "LSS email"]
[Date "2014.11.14"]
[Round "?"]
[White "Yalpaev, Sergej"]
[Black "Rakus, Klaus Dieter"]
[Result "0-1"]
[WhiteElo "784"]
[BlackElo "1702"]
[PlyCount "42"]
[EventDate "2014.11.11"]
[EventType "tourn (corr)"]
[EventRounds "4"]
[EventCountry "GER"]
[SourceTitle "Corr 2015"]
[Source "ChessBase"]
[SourceDate "2015.07.17"]
[SourceVersion "1"]
[SourceVersionDate "2015.07.17"]
[SourceQuality "1"]

1. e4 c5 2. Bc4 Nc6 3. Nf3 e6 4. d3 d5 5. exd5 exd5 6. Qe2+ Be7 7. Bb5 Nf6 8. Bxc6+ bxc6 9. 0-0 0-0 10. Ne5 Bd6 11. Nxc6 Qc7 12. Nxa7 Bxh2+ 13. Kh1 Re8 14. Be3 Rxa7 15. g3 Qd7 16. Kxh2 Qh3+ 17. Kg1 Ng4 18. f4 Rxe3 19. Qg2 Rxg3 20. Qxg3 Qxg3+ 21. Kh1 Qh2# 0-1

[Event "OP-2013-0-03178"]
[Site "LSS email"]
[Date "2013.12.16"]
[Round "?"]
[White "Perez Garcia, Miguel"]
[Black "Rakus, Klaus Dieter"]
[Result "0-1"]
[WhiteElo "1321"]
[BlackElo "1723"]
[PlyCount "32"]
[EventDate "2013.12.14"]
[EventType "tourn (corr)"]
[EventRounds "4"]
[EventCountry "GER"]
[SourceTitle "Telechess CBM 167"]
[Source "ChessBase"]
[SourceDate "2015.07.13"]
[SourceVersion "1"]
[SourceVersionDate "2015.07.13"]
[SourceQuality "1"]

1. Nf3 d5 2. d4 Nf6 3. e3 c5 4. dxc5 e6 5. c4 Bxc5 6. Nc3 Nc6 7. cxd5 exd5 8. Bb5 0-0 9. Bxc6 bxc6 10. h3 Ba6 11. Ne2 Ne4 12. 0-0 Qf6 13. Re1 Bb4 14. Rf1 Rab8 15. a3 Ba5 16. Rb1 Nc3 0-1

[Event "OP-2013-0-03178"]
[Site "LSS email"]
[Date "2013.12.16"]
[Round "?"]
[White "Rakus, Klaus Dieter"]
[Black "Lenz, Juergen"]
[Result "1-0"]
[WhiteElo "1723"]
[BlackElo "1003"]
[PlyCount "45"]
[EventDate "2013.12.14"]
[EventType "tourn (corr)"]
[EventRounds "4"]
[EventCountry "GER"]
[SourceTitle "Telechess CBM 167"]
[Source "ChessBase"]
[SourceDate "2015.07.13"]
[SourceVersion "1"]
[SourceVersionDate "2015.07.13"]
[SourceQuality "1"]

1. d4 c5 2. d5 Nf6 3. Nc3 Qa5 4. Bd2 b5 5. e4 b4 6. e5 bxc3 7. Bxc3 Qb6 8. exf6 gxf6 9. Nf3 d6 10. Be2 Ba6 11. 0-0 Nd7 12. Nh4 Ne5 13. Bxa6 Qxa6 14. Nf5 Qc8 15. Qh5 Qd7 16. Rae1 0-0-0 17. f4 Ng6 18. Ba5 Re8 19. b4 Qa4 20. Qe2 e5 21. Qa6+ Kb8 22. Bc7+ Kxc7 23. Qxa4 1-0

[Event "OP-2013-0-03156"]
[Site "LSS email"]
[Date "2013.12.05"]
[Round "?"]
[White "Perez Garcia, Miguel"]
[Black "Rakus, Klaus Dieter"]
[Result "0-1"]
[WhiteElo "1235"]
[BlackElo "1751"]
[PlyCount "32"]
[EventDate "2013.12.01"]
[EventType "tourn (corr)"]
[EventRounds "4"]
[EventCountry "GER"]
[SourceTitle "Telechess CBM 167"]
[Source "ChessBase"]
[SourceDate "2015.07.13"]
[SourceVersion "1"]
[SourceVersionDate "2015.07.13"]
[SourceQuality "1"]

1. Nf3 d5 2. d4 Nf6 3. e3 e6 4. b3 c5 5. dxc5 Bxc5 6. Be2 Nc6 7. 0-0 0-0 8. Bb2 Qe7 9. c3 e5 10. b4 Bd6 11. a3 a6 12. c4 dxc4 13. Bxc4 e4 14. Nd4 Bxh2+ 15. Kxh2 Ng4+ 16. Kg1 Qh4 0-1

[Event "OP-2013-0-03156"]
[Site "LSS email"]
[Date "2013.12.05"]
[Round "?"]
[White "Rakus, Klaus Dieter"]
[Black "Lenz, Juergen"]
[Result "1-0"]
[WhiteElo "1751"]
[BlackElo "976"]
[PlyCount "39"]
[EventDate "2013.12.01"]
[EventType "tourn (corr)"]
[EventRounds "4"]
[EventCountry "GER"]
[SourceTitle "Telechess CBM 167"]
[Source "ChessBase"]
[SourceDate "2015.07.13"]
[SourceVersion "1"]
[SourceVersionDate "2015.07.13"]
[SourceQuality "1"]

1. d4 c5 2. d5 Nf6 3. Nc3 Qa5 4. Bd2 b5 5. e4 b4 6. e5 bxc3 7. Bxc3 Qb6 8. exf6 gxf6 9. Nf3 d6 10. Be2 Bf5 11. Nh4 Bd7 12. Qd3 Bg7 13. 0-0 a6 14. Rfe1 0-0 15. Nf5 Bxf5 16. Qxf5 Re8 17. Bd3 h6 18. Rxe7 Rxe7 19. Qc8+ Bf8 20. Qg4+ 1-0

[Event "OP-2013-0-03114"]
[Site "LSS email"]
[Date "2013.11.12"]
[Round "?"]
[White "Lenz, Juergen"]
[Black "Rakus, Klaus Dieter"]
[Result "0-1"]
[WhiteElo "1016"]
[BlackElo "1732"]
[PlyCount "46"]
[EventDate "2013.11.10"]
[EventType "tourn (corr)"]
[EventRounds "4"]
[EventCountry "GER"]
[SourceTitle "Telechess CBM 163"]
[Source "ChessBase"]
[SourceDate "2014.11.11"]
[SourceVersion "2"]
[SourceVersionDate "2014.11.11"]
[SourceQuality "1"]

1. d4 d5 2. Bf4 Nf6 3. e3 Bg4 4. Nf3 e6 5. c4 Bb4+ 6. Nc3 c5 7. dxc5 Nc6 8. Bd6 Qa5 9. Qb3 Bxf3 10. gxf3 d4 11. Rc1 dxc3 12. bxc3 Bxc5 13. Qxb7 Bxd6 14. Qxa8+ Nd8 15. Bd3 0-0 16. f4 e5 17. fxe5 Bxe5 18. 0-0 Bxh2+ 19. Kxh2 Qc7+ 20. Kg1 Nc6 21. Qxf8+ Kxf8 22. Be2 Ne5 23. Rfd1 Neg4 0-1

[Event "OP-2013-0-03030"]
[Site "LSS email"]
[Date "2013.09.30"]
[Round "?"]
[White "Rakus, Klaus Dieter"]
[Black "Lenz, Juergen"]
[Result "1-0"]
[WhiteElo "1732"]
[BlackElo "1016"]
[PlyCount "35"]
[EventDate "2013.09.27"]
[EventType "tourn (corr)"]
[EventRounds "4"]
[EventCountry "GER"]
[SourceTitle "Corr 2015"]
[Source "ChessBase"]
[SourceDate "2015.07.17"]
[SourceVersion "1"]
[SourceVersionDate "2015.07.17"]
[SourceQuality "1"]

1. d4 Nf6 2. Nf3 c5 3. d5 c4 4. e4 Nxe4 5. Bxc4 Qa5+ 6. Nbd2 b5 7. 0-0 Nd6 8. Nb3 Qc7 9. Be2 a5 10. Bf4 Ba6 11. Re1 Qb6 12. Qd4 Nc8 13. Nc5 b4 14. Bxb8 Bxe2 15. d6 e6 16. Bc7 Qb5 17. Ne5 Bh5 18. Nexd7 1-0

[Event "OP-2013-0-02951"]
[Site "LSS email"]
[Date "2013.08.19"]
[Round "?"]
[White "Rakus, Klaus Dieter"]
[Black "Basson, Heinrich"]
[Result "1-0"]
[WhiteElo "1716"]
[BlackElo "1399"]
[PlyCount "31"]
[EventDate "2013.08.16"]
[EventType "tourn (corr)"]
[EventRounds "4"]
[EventCountry "GER"]
[SourceTitle "Corr 2015"]
[Source "ChessBase"]
[SourceDate "2015.07.17"]
[SourceVersion "1"]
[SourceVersionDate "2015.07.17"]
[SourceQuality "1"]

1. e4 d5 2. exd5 Qxd5 3. Nc3 Qa5 4. Bc4 Nf6 5. Nf3 Bg4 6. h3 Bh5 7. d3 c6 8. Bd2 Qc7 9. Qe2 e6 10. 0-0-0 Nbd7 11. g4 Bg6 12. h4 h6 13. g5 hxg5 14. hxg5 Rxh1 15. Rxh1 Nh5 16. Bxe6 1-0

[Event "OP-2013-0-02905"]
[Site "LSS email"]
[Date "2013.07.26"]
[Round "?"]
[White "Rakus, Klaus Dieter"]
[Black "Lenz, Juergen"]
[Result "1-0"]
[WhiteElo "1716"]
[BlackElo "1083"]
[PlyCount "47"]
[EventDate "2013.07.24"]
[EventType "tourn (corr)"]
[EventRounds "4"]
[EventCountry "GER"]
[SourceTitle "Telechess CBM 161"]
[Source "ChessBase"]
[SourceDate "2014.07.16"]
[SourceVersion "1"]
[SourceVersionDate "2014.07.16"]
[SourceQuality "1"]

1. e4 Nf6 2. e5 Nd5 3. c4 Nb6 4. Nf3 d6 5. d4 Bg4 6. exd6 cxd6 7. Nc3 g6 8. h3 Bxf3 9. Qxf3 Nc6 10. Be3 Bg7 11. Rd1 0-0 12. Be2 Qc8 13. 0-0 e5 14. Nb5 Rd8 15. dxe5 dxe5 16. c5 Na4 17. Nd6 Qc7 18. Bc4 Rf8 19. Bb3 Nxb2 20. Rd2 h6 21. Rxb2 e4 22. Qxe4 Bxb2 23. Qxg6+ Bg7 24. Bxh6 1-0

[Event "OP-2013-0-02872"]
[Site "LSS email"]
[Date "2013.07.09"]
[Round "?"]
[White "Rakus, Klaus Dieter"]
[Black "Dlugolecki, Grzegorz"]
[Result "1/2-1/2"]
[WhiteElo "1716"]
[BlackElo "1601"]
[PlyCount "34"]
[EventDate "2013.07.07"]
[EventType "tourn (corr)"]
[EventRounds "4"]
[EventCountry "GER"]
[SourceTitle "Corr 2015"]
[Source "ChessBase"]
[SourceDate "2015.07.17"]
[SourceVersion "1"]
[SourceVersionDate "2015.07.17"]
[SourceQuality "1"]

1. d4 Nf6 2. Nf3 e6 3. c4 d5 4. Nc3 Be7 5. e3 0-0 6. a3 dxc4 7. Bxc4 c5 8. 0-0 a6 9. dxc5 Bxc5 10. b4 Qxd1 11. Rxd1 Be7 12. Bb2 b5 13. Bd3 Nbd7 14. Rac1 Rd8 15. Ne2 Bb7 16. Rc7 Bc8 17. Bxf6 Bxf6 1/2-1/2

[Event "OP-2013-0-02872"]
[Site "LSS email"]
[Date "2013.07.09"]
[Round "?"]
[White "Rakus, Klaus Dieter"]
[Black "Winkler, Matthias"]
[Result "1/2-1/2"]
[WhiteElo "1716"]
[BlackElo "1611"]
[PlyCount "45"]
[EventDate "2013.07.07"]
[EventType "tourn (corr)"]
[EventRounds "4"]
[EventCountry "GER"]
[SourceTitle "Telechess CBM 161"]
[Source "ChessBase"]
[SourceDate "2014.07.16"]
[SourceVersion "1"]
[SourceVersionDate "2014.07.16"]
[SourceQuality "1"]

1. d4 d5 2. Nf3 Nf6 3. e3 Nc6 4. c4 Bg4 5. cxd5 Qxd5 6. Nc3 Qf5 7. Be2 0-0-0 8. h3 Bxf3 9. Bxf3 e5 10. Bxc6 bxc6 11. 0-0 Bc5 12. Ne2 exd4 13. exd4 Rhe8 14. Be3 Nd5 15. Qb3 Bd6 16. Rae1 Re6 17. Ng3 Qg6 18. Bd2 Rde8 19. Rxe6 Rxe6 20. Qc4 Nb6 21. Qc3 Bxg3 22. Qxg3 Re2 23. Bc3 1/2-1/2

[Event "OP-2013-0-02848"]
[Site "LSS email"]
[Date "2013.06.28"]
[Round "?"]
[White "Stasilo, Tymoteusz"]
[Black "Rakus, Klaus Dieter"]
[Result "0-1"]
[WhiteElo "1115"]
[BlackElo "1716"]
[PlyCount "120"]
[EventDate "2013.06.25"]
[EventType "tourn (corr)"]
[EventRounds "4"]
[EventCountry "GER"]
[SourceTitle "Telechess CBM 161"]
[Source "ChessBase"]
[SourceDate "2014.07.16"]
[SourceVersion "1"]
[SourceVersionDate "2014.07.16"]
[SourceQuality "1"]

1. e4 e6 2. d4 d5 3. Nc3 Nf6 4. exd5 exd5 5. Bd3 Nc6 6. Nf3 Bd6 7. 0-0 0-0 8. Bg5 Be6 9. Nb5 Be7 10. Bf4 Rc8 11. Ne5 Nb4 12. Nxa7 Ra8 13. Nb5 c6 14. Nc3 Nxd3 15. Qxd3 Nh5 16. Bd2 Re8 17. Rae1 g6 18. h3 Ng7 19. Bh6 Nf5 20. Bf4 Qb6 21. Nf3 Ng7 22. g4 Bc8 23. b3 f5 24. Nh2 Qa5 25. Re5 Bd7 26. Rfe1 Bb4 27. Bd2 Rxe5 28. dxe5 fxg4 29. Nxg4 Bxg4 30. hxg4 Ne6 31. a3 Qxa3 32. Nb1 Qa5 33. c3 Bf8 34. b4 Qd8 35. Qg3 d4 36. cxd4 Qxd4 37. Bc3 Qf4 38. Qxf4 Nxf4 39. b5 cxb5 40. Bd2 Nd3 41. Re3 Rd8 42. Kg2 Bc5 43. Re2 b4 44. e6 Kg7 45. f4 Kf6 46. Kf3 b6 47. Be3 Bxe3 48. Rxe3 Nc5 49. Nd2 Rd3 50. Rxd3 Nxd3 51. f5 gxf5 52. gxf5 Nc5 53. Nc4 b3 54. Ne3 b2 55. Nd5+ Ke5 56. Nc3 Ne4 57. e7 Nf6 58. Ke2 h5 59. Kd3 h4 60. Ke3 Kxf5 0-1

[Event "OP-2013-0-02835"]
[Site "LSS email"]
[Date "2013.06.21"]
[Round "?"]
[White "Gorbatov, Valentin"]
[Black "Rakus, Klaus Dieter"]
[Result "1-0"]
[WhiteElo "1528"]
[BlackElo "1716"]
[PlyCount "101"]
[EventDate "2013.06.18"]
[EventType "tourn (corr)"]
[EventRounds "4"]
[EventCountry "GER"]
[SourceTitle "Telechess CBM 161"]
[Source "ChessBase"]
[SourceDate "2014.07.16"]
[SourceVersion "1"]
[SourceVersionDate "2014.07.16"]
[SourceQuality "1"]

1. e4 e6 2. d4 d5 3. Nc3 Nf6 4. e5 Nfd7 5. f4 c5 6. Nf3 Nc6 7. Be3 a6 8. a3 b5 9. dxc5 Bxc5 10. Bxc5 Nxc5 11. b4 Nd7 12. Ne2 Nb6 13. Ned4 Qc7 14. Nxc6 Qxc6 15. Qd2 Na4 16. Nd4 Qc3 17. Qxc3 Nxc3 18. Kd2 Na4 19. g4 Bd7 20. h4 Rc8 21. h5 0-0 22. h6 g6 23. Rh3 Rc7 24. Bd3 Re8 25. Rf3 Bc8 26. Raf1 Nb6 27. Be2 Nc4+ 28. Bxc4 dxc4 29. Kc3 Bb7 30. R3f2 Rd7 31. Ra1 Rd5 32. a4 bxa4 33. g5 Rc8 34. Rd2 Kf8 35. Rxa4 Rdd8 36. Ne2 Rxd2 37. Kxd2 Ke8 38. Nc3 Ra8 39. Ke3 Kd7 40. Ra5 Bc6 41. Ne4 Bxe4 42. Kxe4 Rb8 43. Rxa6 Rxb4 44. Ra7+ Ke8 45. Ra8+ Ke7 46. Rh8 c3+ 47. Ke3 Rb2 48. Rxh7 Rxc2 49. Rh8 Rh2 50. Rc8 Rh3+ 51. Kd4 1-0

[Event "OP-2013-0-02823"]
[Site "LSS email"]
[Date "2013.06.08"]
[Round "?"]
[White "Digiglio, Rafael"]
[Black "Rakus, Klaus Dieter"]
[Result "0-1"]
[WhiteElo "714"]
[BlackElo "1716"]
[PlyCount "42"]
[EventDate "2013.06.03"]
[EventType "tourn (corr)"]
[EventRounds "4"]
[EventCountry "GER"]
[SourceTitle "Telechess CBM 161"]
[Source "ChessBase"]
[SourceDate "2014.07.16"]
[SourceVersion "1"]
[SourceVersionDate "2014.07.16"]
[SourceQuality "1"]

1. Nf3 Nc6 2. Nc3 Nf6 3. e3 e5 4. d4 e4 5. Ne5 d6 6. Nxc6 bxc6 7. Bc4 d5 8. Be2 Bd6 9. 0-0 0-0 10. f3 exf3 11. Bxf3 Qe7 12. Bd2 Re8 13. Re1 Bf5 14. g4 Bg6 15. h4 Bg3 16. h5 Bxe1 17. Qxe1 Be4 18. Nxe4 Nxe4 19. c3 Qg5 20. Bxe4 Rxe4 21. Qg3 Rxg4 0-1

[Event "OP-2013-0-02801"]
[Site "LSS email"]
[Date "2013.05.26"]
[Round "?"]
[White "Garcia, Javier N"]
[Black "Rakus, Klaus Dieter"]
[Result "0-1"]
[WhiteElo "833"]
[BlackElo "1716"]
[PlyCount "60"]
[EventDate "2013.05.23"]
[EventType "tourn (corr)"]
[EventRounds "4"]
[EventCountry "GER"]
[SourceTitle "Telechess CBM 161"]
[Source "ChessBase"]
[SourceDate "2014.07.16"]
[SourceVersion "1"]
[SourceVersionDate "2014.07.16"]
[SourceQuality "1"]

1. d4 d5 2. c4 c6 3. Nf3 Nf6 4. Nc3 e6 5. Bg5 Be7 6. c5 Nbd7 7. e3 e5 8. Be2 h6 9. Bh4 0-0 10. 0-0 Ne4 11. Bxe7 Qxe7 12. Nd2 exd4 13. exd4 Nxc3 14. bxc3 b6 15. cxb6 axb6 16. Re1 Nf6 17. Bd3 Qa3 18. Qb3 c5 19. dxc5 bxc5 20. Qxa3 Rxa3 21. Rec1 c4 22. Bf1 Be6 23. g3 Rb8 24. Bg2 Rb2 25. Nf3 Ne4 26. Ne5 Nxc3 27. Rxc3 Rxc3 28. a4 Ra3 29. Rxa3 Rb1+ 30. Bf1 Bh3 0-1

[Event "OP-2013-0-02780"]
[Site "LSS email"]
[Date "2013.05.14"]
[Round "?"]
[White "Mori, Roberto"]
[Black "Rakus, Klaus Dieter"]
[Result "0-1"]
[WhiteElo "734"]
[BlackElo "1716"]
[PlyCount "64"]
[EventDate "2013.05.10"]
[EventType "tourn (corr)"]
[EventRounds "4"]
[EventCountry "GER"]
[SourceTitle "Telechess CBM 161"]
[Source "ChessBase"]
[SourceDate "2014.07.16"]
[SourceVersion "1"]
[SourceVersionDate "2014.07.16"]
[SourceQuality "1"]

1. e4 e6 2. d4 d5 3. e5 c5 4. Nf3 Nc6 5. Bb5 cxd4 6. Qxd4 Nge7 7. Bg5 h6 8. Bxe7 Bxe7 9. 0-0 0-0 10. Bxc6 bxc6 11. Nc3 Qc7 12. Rfe1 Rb8 13. Na4 Rb4 14. Qc3 Rxa4 15. b3 Bb4 16. Qb2 Bxe1 17. bxa4 Ba5 18. Qd4 c5 19. Qg4 Bd7 20. h3 Rb8 21. Kf1 Bc3 22. Rd1 Rb4 23. Qg3 Bxa4 24. Rc1 Rb2 25. Nh2 Bb5+ 26. Kg1 Bxe5 27. Qa3 Bxh2+ 28. Kh1 Be5 29. c3 Rxf2 30. Rg1 Bh2 31. Qc1 Bxg1 32. Kxg1 Qg3 0-1

[Event "OP-2013-0-02769"]
[Site "LSS email"]
[Date "2013.05.07"]
[Round "?"]
[White "Rakus, Klaus Dieter"]
[Black "Petersen, Hans"]
[Result "1-0"]
[WhiteElo "1716"]
[BlackElo "1562"]
[PlyCount "87"]
[EventDate "2013.05.04"]
[EventType "tourn (corr)"]
[EventRounds "4"]
[EventCountry "GER"]
[SourceTitle "Telechess CBM 161"]
[Source "ChessBase"]
[SourceDate "2014.07.16"]
[SourceVersion "1"]
[SourceVersionDate "2014.07.16"]
[SourceQuality "1"]

1. d4 d5 2. Nf3 Nf6 3. Bf4 c5 4. e3 Nc6 5. Nc3 Bg4 6. Bb5 e6 7. h3 cxd4 8. Qxd4 Bxf3 9. gxf3 Nd7 10. Bxc6 bxc6 11. 0-0-0 Qb6 12. Bg3 Qxd4 13. exd4 Be7 14. Rhg1 0-0 15. Ne2 c5 16. dxc5 Bxc5 17. Kb1 Nb6 18. b3 Rfc8 19. a4 Be7 20. Be5 g6 21. f4 Bc5 22. Rg2 Kf8 23. h4 Ke8 24. h5 Nd7 25. Rh1 a6 26. hxg6 hxg6 27. Nc1 Rc6 28. Rh8+ Nf8 29. Nd3 Be7 30. Bg7 Rac8 31. f5 exf5 32. f4 Re6 33. Ne5 Bd6 34. Rd2 Ke7 35. Rxd5 Bxe5 36. fxe5 Rec6 37. Bf6+ Ke8 38. c4 Rb6 39. Bg7 Ke7 40. c5 Rxb3+ 41. Kc2 Rbb8 42. Rxf8 Rxf8 43. Bf6+ Ke8 44. c6 1-0

[Event "OP-2013-0-02748"]
[Site "LSS email"]
[Date "2013.04.24"]
[Round "?"]
[White "Rakus, Klaus Dieter"]
[Black "Lenz, Juergen"]
[Result "1-0"]
[WhiteElo "1716"]
[BlackElo "1083"]
[PlyCount "59"]
[EventDate "2013.04.19"]
[EventType "tourn (corr)"]
[EventRounds "4"]
[EventCountry "GER"]
[SourceTitle "Telechess CBM 161"]
[Source "ChessBase"]
[SourceDate "2014.07.16"]
[SourceVersion "1"]
[SourceVersionDate "2014.07.16"]
[SourceQuality "1"]

1. d4 Nf6 2. Nf3 d6 3. e3 Bf5 4. Bd3 Bxd3 5. Qxd3 c6 6. 0-0 Nbd7 7. c4 e5 8. Nc3 Be7 9. b3 0-0 10. Bb2 Qc7 11. h3 Rfe8 12. Rad1 Rad8 13. Rfe1 Bf8 14. e4 exd4 15. Nxd4 Nc5 16. Qf3 Nfd7 17. Qg3 a5 18. Nf5 Ne5 19. Ba3 Ne6 20. c5 dxc5 21. Nh6+ Kh8 22. Qxe5 Qe7 23. Rxd8 Rxd8 24. Bxc5 Nxc5 25. Qxe7 Bxe7 26. Nxf7+ Kg8 27. Nxd8 Bxd8 28. g3 Kf7 29. f4 Bb6 30. Kg2 1-0

[Event "OP-2013-0-02707"]
[Site "LSS email"]
[Date "2013.03.30"]
[Round "?"]
[White "Pauk, Jozef"]
[Black "Rakus, Klaus Dieter"]
[Result "0-1"]
[WhiteElo "880"]
[BlackElo "1716"]
[PlyCount "52"]
[EventDate "2013.03.25"]
[EventType "tourn (corr)"]
[EventRounds "4"]
[EventCountry "GER"]
[SourceTitle "Telechess CBM 159"]
[Source "ChessBase"]
[SourceDate "2014.03.17"]
[SourceVersion "1"]
[SourceVersionDate "2014.03.17"]
[SourceQuality "1"]

1. e4 e6 2. d4 d5 3. e5 c5 4. c3 Nc6 5. Bb5 Qa5 6. Bxc6+ bxc6 7. Bd2 Qb6 8. b3 cxd4 9. Nf3 dxc3 10. Nxc3 Ba6 11. Na4 Qb5 12. Nd4 Qd3 13. Be3 Bb4+ 14. Bd2 Qxd4 15. Bxb4 Qxe5+ 16. Kd2 Qd4+ 17. Kc1 Qxa1+ 18. Kc2 Qxa2+ 19. Nb2 Nf6 20. Qd4 Bb5 21. Qc5 0-0-0 22. Bc3 d4 23. Bxd4 Rxd4 24. Qxd4 Rd8 25. Qb4 Bd3+ 26. Kc3 Ne4+ 0-1

[Event "OP-2013-0-02707"]
[Site "LSS email"]
[Date "2013.03.30"]
[Round "?"]
[White "Rakus, Klaus Dieter"]
[Black "Kratky, Josef"]
[Result "1-0"]
[WhiteElo "1716"]
[BlackElo "1124"]
[PlyCount "47"]
[EventDate "2013.03.25"]
[EventType "tourn (corr)"]
[EventRounds "4"]
[EventCountry "GER"]
[SourceTitle "Telechess CBM 159"]
[Source "ChessBase"]
[SourceDate "2014.03.17"]
[SourceVersion "1"]
[SourceVersionDate "2014.03.17"]
[SourceQuality "1"]

1. e4 Nf6 2. e5 Nd5 3. c4 Nb6 4. d4 d6 5. Nf3 Bg4 6. exd6 cxd6 7. Nc3 Nc6 8. Be2 g6 9. d5 Bxf3 10. Bxf3 Ne5 11. Be2 Bg7 12. Bd2 0-0 13. b3 Rc8 14. Rc1 a6 15. 0-0 f5 16. f4 Nf7 17. Be3 Nd7 18. b4 Nf6 19. Na4 Ne4 20. Bf3 b5 21. Bxe4 fxe4 22. Nb6 Rb8 23. c5 dxc5 24. bxc5 1-0

[Event "OP-2013-0-02707"]
[Site "LSS email"]
[Date "2013.03.30"]
[Round "?"]
[White "Rakus, Klaus Dieter"]
[Black "Lenz, Juergen"]
[Result "1-0"]
[WhiteElo "1716"]
[BlackElo "1083"]
[PlyCount "59"]
[EventDate "2013.03.25"]
[EventType "tourn (corr)"]
[EventRounds "4"]
[EventCountry "GER"]
[SourceTitle "Telechess CBM 159"]
[Source "ChessBase"]
[SourceDate "2014.03.17"]
[SourceVersion "1"]
[SourceVersionDate "2014.03.17"]
[SourceQuality "1"]
[BlackTeam "IWEC (Canada)"]

1. e4 e6 2. d4 d5 3. Nd2 Nf6 4. e5 Nfd7 5. c3 c5 6. Ngf3 Nc6 7. Bd3 Be7 8. 0-0 0-0 9. Re1 cxd4 10. cxd4 a5 11. Nb1 Nb4 12. Be2 a4 13. a3 Nc6 14. Be3 Nb6 15. Nc3 Bd7 16. Bd3 Na5 17. Rb1 Nbc4 18. Nxa4 Nxe3 19. fxe3 Nc4 20. Nc3 b5 21. e4 Bc6 22. exd5 exd5 23. Qc2 Rc8 24. Bxh7+ Kh8 25. Bf5 Rb8 26. e6 Bf6 27. exf7 Rxf7 28. Be6 Re7 29. Qf5 Rxe6 30. Qh3+ 1-0

[Event "OP-2013-0-02644"]
[Site "LSS email"]
[Date "2013.02.14"]
[Round "?"]
[White "Rakus, Klaus Dieter"]
[Black "Csaba, Fodor"]
[Result "1-0"]
[WhiteElo "1716"]
[BlackElo "1179"]
[PlyCount "27"]
[EventDate "2013.02.11"]
[EventType "tourn (corr)"]
[EventRounds "4"]
[EventCountry "GER"]
[SourceTitle "Corr 2015"]
[Source "ChessBase"]
[SourceDate "2015.07.17"]
[SourceVersion "1"]
[SourceVersionDate "2015.07.17"]
[SourceQuality "1"]

1. e4 e5 2. Nc3 Nf6 3. f4 Nc6 4. fxe5 Ng8 5. Nf3 Nge7 6. d4 Ng6 7. Bg5 Be7 8. Bxe7 Ngxe7 9. d5 Nb4 10. a3 Na6 11. d6 cxd6 12. exd6 Nc6 13. b4 0-0 14. b5 1-0

[Event "OP-2013-0-02580"]
[Site "LSS email"]
[Date "2013.01.10"]
[Round "?"]
[White "Meyer, Frank"]
[Black "Rakus, Klaus Dieter"]
[Result "0-1"]
[WhiteElo "885"]
[BlackElo "1664"]
[PlyCount "32"]
[EventDate "2013.01.05"]
[EventType "tourn (corr)"]
[EventRounds "4"]
[EventCountry "GER"]
[SourceTitle "Corr 2015"]
[Source "ChessBase"]
[SourceDate "2015.07.17"]
[SourceVersion "1"]
[SourceVersionDate "2015.07.17"]
[SourceQuality "1"]

1. d4 d5 2. c4 c6 3. Nf3 Nf6 4. cxd5 cxd5 5. Bg5 Ne4 6. Bh4 Nc6 7. Nc3 Qa5 8. Qc2 e5 9. e3 Bb4 10. Rc1 Bf5 11. Bd3 Nxc3 12. bxc3 Bxd3 13. cxb4 Nxb4 14. Qd2 e4 15. Ng1 Bc4 16. Ne2 Nd3+ 0-1